Festival de la infància i la joventut 1990-1991
Descripción Física:
1 disc òptic (DVD) ; color, so
Idioma:
Catalán
MARC
| LEADER | 00000ngm a2200000 a 4500 | ||
|---|---|---|---|
| 007 | co ||aaananaa| | ||
| 008 | 220825s1991 spa||| g ||||as zacat d | ||
| 080 | |a CD- | ||
| 111 | |9 54295 |a Festival de la infància i la joventut |n (29è : |d 1999 : |c Barcelona, Catalunya) | ||
| 245 | 0 | 0 | |a Festival de la infància i la joventut 1990-1991 |h [recurs electrònic] |
| 260 | |a Barcelona : |b Ajuntament de Barcelona, Àrea de Benestar Social, |c 1991 | ||
| 300 | |a 1 disc òptic (DVD) ; |b color, so | ||
| 500 | |a Durada de la pel·lícula: 8 min | ||
| 500 | |a Realitzada el 1991 | ||
| 500 | |a Realització: Àmbit de Benestar Social. Àrea d'Afers Socials i Joventut | ||
| 650 | 0 | |a Joventut |2 Arxiu |v Congressos |z Catalunya | |
| 650 | 0 | |9 54297 |a Infància |z Catalunya |v Congressos | |
| 655 | 0 | |a DVD |9 54986 | |
| 710 | 1 | |a Barcelona (Catalunya : Província). |b Àrea de Benestar Social |9 52988 | |
| 710 | 1 | |9 54298 |a Barcelona (Catalunya). |b Àrea de Serveis Socials |e entitat productora | |
| 942 | |2 udc |c ARXIU |n 1 | ||
| 952 | |0 0 |1 0 |4 0 |6 CD |7 1 |9 63548 |a Arxiu |b Arxiu |d 2022-08-25 |l 0 |o CD- |p 26538 |r 2022-08-25 00:00:00 |w 2022-08-25 |y ARXIU | ||
| 999 | |c 82623 |d 82623 | ||